Statistics for Every 100k+ City in Piedmont Atlantic Megalopolis on a Map

Click here to take the quiz!

General Stats

  • This quiz has been taken 125 times
  • The average score is 14 of 25

Answers on the Map

Answers color-coded by a green-red scale on the quiz's map according to % correct below.
 

Answer Stats

PopulationCity% Correct
4.51 milAtlanta
99%
969kNashville
98%
1.24 milCharlotte
97%
1.06 milMemphis
95%
884kRaleigh
94%
749kBirmingham
92%
311kGreensboro
76%
347kDurham
75%
286kHuntsville
67%
128kAthens
66%
391kWinston-Salem
62%
400kGreenville
60%
139kTuscaloosa
56%
280kAsheville
55%
310kFayetteville
52%
158kClarksville
36%
166kHigh Point
35%
180kSpartanburg
35%
214kConcord
25%
169kGastonia
25%
104kRockhill
24%
119kBurlington
20%
130kGainesville
18%
212kHickory
18%
120kMauldin
5%

Score Distribution

Percentile by Number Answered

Percent of People with Each Score

Your Score History

You have not taken this quiz